000 00498nam a2200181Ia 4500
005 20250508152428.0
008 008 250505s9999 xx 000 0 eng d
037 _aTextual
040 _aFEDL
_beng
_cFEDL
041 _aeng
_2eng
084 _a915.54, DIW
_qFEDL
100 _aDiwakar R R
245 0 _aBihar through the ages
260 _aBombay, India
_bOrient Longman Pvt. Ltd.
_c1958
300 _axxviii,891p.
942 _cTEXL
_h915.54, DIW
999 _c1336359
_d1336359